Analysis of categorical data /
Guardado en:
| Autor Corporativo: | |
|---|---|
| Otros Autores: | |
| Formato: | Libro |
| Idioma: | English |
| Publicado: |
Montréal, Québec, Canada :
Presses de l'Université de Montréal,
1985.
|
| Series: | Séminaire de mathématiques supérieures ;
21 |
| Materias: | |
| Etiquetas: |
Agregar Etiqueta
Sin Etiquetas, Sea el primero en etiquetar este registro!
|
| LEADER | 01118nam a2200265 a 4500 | ||
|---|---|---|---|
| 001 | MAT.inmabb006257 | ||
| 008 | 860418s1985####quc######b####100#0#eng## | ||
| 005 | 20160510174247.0 | ||
| 245 | 0 | 0 | |a Analysis of categorical data / |c Gary G. Koch ... [et al.]. |
| 260 | |a Montréal, Québec, Canada : |b Presses de l'Université de Montréal, |c 1985. | ||
| 300 | |a 288 p. ; |c 28 cm. | ||
| 440 | 0 | |a Séminaire de mathématiques supérieures ; |v 21 | |
| 500 | |a Based on proceedings of the NATO Advanced Study Institute on Data Analysis, held July 26-August 13, at the Université de Montréal as the 21st Session of the Séminaire de mathématiques supérieures. | ||
| 504 | |a Bibliografía: p. [280]-288. | ||
| 510 | 4 | |a MR, |c 88a:62152 | |
| 020 | |a 276060733X (pbk.) | ||
| 700 | 1 | |a Koch, Gary G. |q (Gary Grove) | |
| 710 | 2 | |a NATO Advanced Study Institute on Data Analysis |d (1982 : |c Université de Montréal) | |
| 650 | 0 | |a Multivariate analysis. | |
| 650 | 0 | |a Least squares. | |
| 650 | 0 | |a Log-linear models. | |
| 084 | |a 62H17 |2 msc2000 | ||
| 010 | |a 86147726 | ||
| 040 | |a DLC |c DLC |d DLC | ||
| 859 | |h 62 |i An532 |p A-5751 |b BIB. MATEMATICA | ||
